000 00239nam a2200097Ia 4500
001 939973
005 20250826215237.0
008 250824s9999 xx 000 0 und d
245 0 _aARKADAŞIM BALİNA
_cBRİAN SKERRY
260 _bBETA YAYINLARI
999 _c939973
_d939973